000
00492nam a2200181Ia 4500
008
100917s9999 xx 000 0 und d
082
_b
43591
100
_a
लोंढे लक्ष्मण
245
_a
शिदोरी
260
_b
नुतन प्रकाशन
_c
1980
300
_a
132
365
_b
12.5
520
_a
बालविभाग
630
_a
शिदोरी
650
_a
बालविभाग
730
_a
शिदोरी
942
_c
BOOK
999
_c
648985
_d
648982